[Event "Karpov Trophy XVI 2018"]
[Site "Cap d/^Agde"]
[Date "2018.11.01"]
[Round "7"]
[White "Jehan, Julien"]
[Black "Gautier, Anand"]
[Result "1-0"]
[WhiteElo "1991"]
[BlackElo "2254"]
[Annotator "NA"]
[PlyCount "79"]
[EventDate "2018.10.27"]
[EventCountry "FRA"]
[SourceTitle "playchess.com"]
[Source "ChessBase"]
[SourceQuality "1"]
[TimeControl "5400+30"]

1. d4 {[%emt 0:00:00]} d5 {[%emt 0:00:00]} 2. Nf3 {[%emt 0:00:01]} e6 {[%emt 0:00:00]} 3. c4 {[%emt 0:02:47]} c6 {[%emt 0:00:01]} 4. Nc3 {[%emt 0:03:41]} dxc4 {[%emt 0:00:14]} 5. a4 {[%emt 0:01:43]} Bb4 {[%emt 0:00:21]} 6. e4 {[%emt 0:03:14]} Nf6 {[%emt 0:05:54]} 7. Qc2 {[%emt 0:02:54]} b5 {[%emt 0:13:55]} 8. Be2 {[%emt 0:01:57]} Nbd7 {[%emt 0:02:58]} 9. g4 {[%emt 0:12:10]} h6 {[%emt 0:09:23]} 10. Rg1 {[%emt 0:02:33]} (10. Kf1 $11 {keeps the balance.}) 10... c5 {[%emt 0:13:33]} 11. g5 {[%emt 0:08:25]} (11. axb5 $11 {remains equal.} Bb7 12. Kf1) 11... hxg5 {[%emt 0:12:54]} 12. Bxg5 {[%emt 0:03:49] [#]} Qa5 {[%emt 0:02:38]} (12... Bb7 $1 $17 13. d5 exd5 14. exd5 Qa5) 13. Bd2 {[%emt 0:02:47]} Bb7 {[%emt 0:05:35]} 14. e5 $1 {[%emt 0:07:42]} Bxc3 $11 {[%emt 0:12:42]} 15. Qxc3 {[%emt 0:11:33]} Qxc3 {[%emt 0:01:08]} 16. Bxc3 {[%emt 0:01:20]} Nd5 {[%emt 0:01:27]} 17. axb5 {[%emt 0:00:55]} g6 {[%emt 0:01:55]} 18. Nd2 {[%emt 0:03:33]} cxd4 {[%emt 0:02:57]} 19. Bxd4 {[%emt 0:00:36]} Rh4 {[%emt 0:02:01]} 20. Rg4 {[%emt 0:04:42]} Rxg4 {[%emt 0:02:47]} 21. Bxg4 {[%emt 0:00:01]} N5b6 {[%emt 0:01:02]} 22. Be2 {[%emt 0:06:04]} Bd5 {[%emt 0:00:08]} 23. Kd1 {[%emt 0:00:41]} Ke7 {[%emt 0:04:14]} 24. Kc2 {[%emt 0:00:13]} f6 {[%emt 0:02:17]} 25. f4 {[%emt 0:01:48]} fxe5 {[%emt 0:00:12]} 26. fxe5 {[%emt 0:00:26]} Rh8 {[%emt 0:00:38]} 27. Nf1 {[%emt 0:07:29]} Rh4 {[%emt 0:01:13]} 28. Bf2 {[%emt 0:00:12]} Re4 {[%emt 0:00:23]} 29. Ng3 {[%emt 0:01:02]} Rxe5 {[%emt 0:00:39]} 30. Rxa7 {[%emt 0:00:01]} Nc8 {[%emt 0:00:33]} 31. Ra4 {[%emt 0:02:24]} Nd6 {[%emt 0:00:37]} 32. b6 {[%emt 0:02:05]} Nf5 {[%emt 0:01:01]} 33. Kd2 {[%emt 0:01:30]} Nxg3 {[%emt 0:00:35]} 34. Bxg3 {[%emt 0:01:04]} Rf5 {[%emt 0:00:29]} 35. Ra7 {[%emt 0:00:44]} Rf8 {[%emt 0:00:22]} 36. b7 {[%emt 0:01:39]} Kf6 {[%emt 0:00:24]} 37. Kc3 {[%emt 0:01:21]} e5 {[%emt 0:00:44]} 38. Bg4 {[%emt 0:00:32]} Nb8 {[%emt 0:00:34]} 39. Bc8 {[%emt 0:00:41]} Nc6 {[%emt 0:00:30]} 40. Ra6 {[%emt 0:00:32]} 1-0

[Event "Karpov Trophy XVI 2018"]
[Site "Cap d/^Agde"]
[Date "2018.11.01"]
[Round "7"]
[White "Jehan, Julien"]
[Black "Gautier, Nathan"]
[Result "1-0"]
[WhiteElo "1991"]
[BlackElo "1933"]
[Annotator "NA RC"]
[PlyCount "79"]
[EventDate "2018.10.27"]
[EventCountry "FRA"]
[SourceTitle "playchess.com"]
[Source "ChessBase"]
[SourceQuality "1"]
[TimeControl "5400+30"]

1. d4 {[%emt 0:00:00]} d5 {[%emt 0:00:00]} 2. Nf3 {[%emt 0:00:01]} e6 {[%emt 0:00:00]} 3. c4 {[%emt 0:02:47]} c6 {[%emt 0:00:01]} 4. Nc3 {[%emt 0:03:41]} dxc4 {[%emt 0:00:14]} 5. a4 {[%emt 0:01:43]} Bb4 {[%emt 0:00:21]} 6. e4 {[%emt 0:03:14]} Nf6 {[%emt 0:05:54]} 7. Qc2 {[%emt 0:02:54]} b5 {[%emt 0:13:55]} 8. Be2 {[%emt 0:01:57]} Nbd7 {[%emt 0:02:58]} 9. g4 {[%emt 0:12:10]} h6 {[%emt 0:09:23]} 10. Rg1 {[%emt 0:02:33]} c5 {[%emt 0:13:33]} 11. g5 {[%emt 0:08:25]} hxg5 {[%emt 0:12:54]} 12. Bxg5 {[%emt 0:03:49]} Qa5 {[%emt 0:02:38]} 13. Bd2 {[%emt 0:02:47]} Bb7 {[%emt 0:05:35]} 14. e5 {[%emt 0:07:42]} Bxc3 {[%emt 0:12:42]} 15. Qxc3 {[%emt 0:11:33]} Qxc3 {[%emt 0:01:08]} 16. Bxc3 {[%emt 0:01:20]} Nd5 {[%emt 0:01:27]} 17. axb5 {[%emt 0:00:55]} g6 {[%emt 0:01:55]} 18. Nd2 {[%emt 0:03:33]} cxd4 {[%emt 0:02:57]} 19. Bxd4 {[%emt 0:00:36]} Rh4 {[%emt 0:02:01]} 20. Rg4 {[%emt 0:04:42]} Rxg4 {[%emt 0:02:47]} 21. Bxg4 {[%emt 0:00:01]} N5b6 {[%emt 0:01:02]} 22. Be2 {[%emt 0:06:04]} Bd5 {[%emt 0:00:08]} 23. Kd1 {[%emt 0:00:41]} Ke7 {[%emt 0:04:14]} 24. Kc2 {[%emt 0:00:13]} f6 {[%emt 0:02:17]} 25. f4 {[%emt 0:01:48]} fxe5 {[%emt 0:00:12]} 26. fxe5 {[%emt 0:00:26]} Rh8 {[%emt 0:00:38]} 27. Nf1 {[%emt 0:07:29]} Rh4 {[%emt 0:01:13]} 28. Bf2 {[%emt 0:00:12]} Re4 {[%emt 0:00:23]} 29. Ng3 {[%emt 0:01:02]} Rxe5 {[%emt 0:00:39]} 30. Rxa7 {[%emt 0:00:01]} Nc8 {[%emt 0:00:33]} 31. Ra4 {[%emt 0:02:24]} Nd6 {[%emt 0:00:37]} 32. b6 {[%emt 0:02:05]} Nf5 {[%emt 0:01:01]} 33. Kd2 {[%emt 0:01:30]} Nxg3 {[%emt 0:00:35]} 34. Bxg3 {[%emt 0:01:04]} Rf5 {[%emt 0:00:29]} 35. Ra7 {[%emt 0:00:44]} Rf8 {[%emt 0:00:22]} 36. b7 {[%emt 0:01:39]} Kf6 {[%emt 0:00:24]} 37. Kc3 {[%emt 0:01:21]} e5 {[%emt 0:00:44]} 38. Bg4 {[%emt 0:00:32]} Nb8 {[%emt 0:00:34]} 39. Bc8 {[%emt 0:00:41]} Nc6 {[%emt 0:00:30]} 40. Ra6 {[%emt 0:00:32]} 1-0

[Event "Karpov Trophy XVI 2018"]
[Site "Cap d/^Agde"]
[Date "2018.11.01"]
[Round "7"]
[White "Gattegno, Laurent"]
[Black "San Segundo Carrillo, Pablo"]
[Result "0-1"]
[WhiteElo "1934"]
[BlackElo "2491"]
[Annotator "TA"]
[PlyCount "68"]
[EventDate "2018.10.27"]
[EventCountry "FRA"]
[SourceTitle "playchess.com"]
[Source "ChessBase"]
[SourceQuality "1"]

{[%evp 11,68,39,43,-81,-81,-83,-88,-85,-81,-83,-72,-60,-81,-82,-76,-94,-64,-110,-108,-104,-118,-110,-106,-157,-180,-207,-124,-145,-90,-147,-134,-202,-204,-189,-194,-183,-188,-221,-223,-314,-322,-249,-194,-189,-192,-279,-243,-342,-354,-455,-393,-493,-404,-490,-481,-1140,-1128,-1457,-1447]} 1. d4 Nf6 2. c4 g6 3. Nc3 Bg7 4. e4 d6 5. Be2 O-O 6. h3 e5 {LiveBook: 6 Partien. E73: Königsindisch (Awerbach-Angriff)} (6... Nbd7 7. Bg5 a6 8. Qd2 c5 9. d5 b5 10. cxb5 Qa5 11. b6 Qxb6 12. Nf3 a5 13. O-O Ba6 14. Bxa6 Qxa6 {1-0 (26) Paravyan,D (2629)-Glek,I (2444) Moscow 2018}) 7. Be3 (7. d5 $14 {behält die Oberhand.}) 7... exd4 $1 $17 8. Bxd4 Nc6 {Schwarz steht besser.} 9. Be3 Re8 10. Qc2 Nb4 $146 {[%cal Bc6b4,Bb4a6,Ba6c5][%mdl 32]} ({Vorgänger:} 10... Qe7 11. Bf3 Ne5 12. Nd5 Nxf3+ 13. Nxf3 Nxd5 14. exd5 {1-0 (34) Tokar,Z (2038)-Zakovic,J (1818) Slovakia 2012}) 11. Qd2 a5 12. a3 Na6 13. f3 Nh5 14. g4 Ng3 15. Rh2 Nxe2 16. Ngxe2 Be6 17. Nd5 (17. Bg5 $142 Bf6 18. Bxf6 Qxf6 19. Qf4 Qh4+ 20. Kf1) 17... Nc5 $36 {[%mdl 2048] Weiss steht unter starkem Druck.} 18. Qc2 {[#]} Be5 ({Lieber} 18... Bxb2 $1 $19 {[%mdl 512]} 19. Rb1 (19. Qxb2 Nd3+) 19... Bxa3) 19. Ndf4 {[#]} Qh4+ (19... b5 $142 $1 {[%mdl 512]} 20. Nxe6 (20. cxb5 Bb3) 20... Rxe6) 20. Rf2 (20. Kf1 $142) 20... Bd7 {[%cal Be6d7,Bd7a4,Ba4b3,Bb3c4][%mdl 32]} 21. Nc3 {[#]} (21. Bxc5 $17 dxc5 22. Nd3) 21... Bxf4 $1 $19 22. Bxf4 {[#]} f5 $1 {[%cal Rf5e4]} (22... Qxh3 23. O-O-O $11) 23. O-O-O fxe4 ({Schwächer ist} 23... Qxh3 24. gxf5 Rf8 25. b4 $16) (23... fxg4 24. hxg4 Bc6 25. Kb1 $11) 24. Nxe4 Ba4 25. b3 (25. Bg5 {war erzwungen.} Bxc2 26. Nf6+ Kf7 27. Bxh4 Bxd1 28. Nxe8 Nd3+ 29. Kd2 Nxf2 30. Nxc7) 25... Bxb3 ({Finger weg von} 25... Rxe4 26. fxe4 Bxb3 27. Qd2 $19) 26. Qd2 {Und Lg5 würde nun gewinnen.} Nxe4 27. fxe4 {Und weiter mit Lg5 wäre nett.} Bxc4 ({Und nicht} 27... Bxd1 28. Qd5+ Kh8 29. Qd4+ Kg8 30. Qd5+ Kh8 31. Qd4+ Kg8 32. Qd5+ $11) 28. Re1 (28. Rf3 {war einen Versuch wert.} Qf6 29. Qd4 Qxd4 30. Rxd4) 28... b5 29. Bg5 (29. Rf3 $142 Qf6 30. Qc3 Qxc3+ 31. Rxc3) 29... Qxh3 30. Qb2 Rf8 31. Rh2 Qxg4 32. Bh6 {[%csl Gh6][%cal Rb2g7]} Rf7 {Schwarz steht klar auf Gewinn.} 33. Rf2 (33. Qg2 $142 Qxg2 34. Rxg2) 33... Qh4 34. Be3 Raf8 {Precision: Weiß = 35%, Schwarz = 80%.} 0-1

[Event "Karpov Trophy XVI 2018"]
[Site "Cap d/^Agde"]
[Date "2018.11.01"]
[Round "7"]
[White "Gattegno, Laurent"]
[Black "Carrillo, Jesus"]
[Result "0-1"]
[WhiteElo "1934"]
[BlackElo "1967"]
[Annotator "NA RC"]
[PlyCount "68"]
[EventDate "2018.10.27"]
[EventCountry "FRA"]
[SourceTitle "playchess.com"]
[Source "ChessBase"]
[SourceQuality "1"]
[TimeControl "5400+30"]

1. d4 {[%emt 0:00:00]} Nf6 {[%emt 0:00:00]} 2. c4 {[%emt 0:00:00]} g6 {[%emt 0:00:00]} 3. Nc3 {[%emt 0:00:00]} Bg7 {[%emt 0:00:00]} 4. e4 {[%emt 0:00:00]} d6 {[%emt 0:00:04]} 5. Be2 {[%emt 0:00:01]} O-O {[%emt 0:00:12]} 6. h3 {[%emt 0:00:19]} e5 {[%emt 0:01:08]} 7. Be3 {[%emt 0:01:02]} exd4 {[%emt 0:03:48]} 8. Bxd4 {[%emt 0:00:23]} Nc6 {[%emt 0:00:35]} 9. Be3 {[%emt 0:00:07]} Re8 {[%emt 0:00:34]} 10. Qc2 {[%emt 0:02:20]} Nb4 {[%emt 0:07:34]} 11. Qd2 {[%emt 0:01:37]} a5 {[%emt 0:02:47]} 12. a3 {[%emt 0:05:36]} Na6 {[%emt 0:01:11]} 13. f3 {[%emt 0:01:51]} Nh5 {[%emt 0:09:52]} 14. g4 {[%emt 0:05:42]} Ng3 {[%emt 0:00:55]} 15. Rh2 {[%emt 0:01:53]} Nxe2 {[%emt 0:00:29]} 16. Ngxe2 {[%emt 0:00:55]} Be6 {[%emt 0:05:58]} 17. Nd5 {[%emt 0:10:28]} Nc5 {[%emt 0:06:04]} 18. Qc2 {[%emt 0:02:06]} Be5 {[%emt 0:32:48]} 19. Ndf4 {[%emt 0:05:13]} Qh4+ {[%emt 0:03:00]} 20. Rf2 {[%emt 0:03:02]} Bd7 {[%emt 0:03:25]} 21. Nc3 {[%emt 0:03:22]} Bxf4 {[%emt 0:10:56]} 22. Bxf4 {[%emt 0:04:01]} f5 {[%emt 0:01:08]} 23. O-O-O {[%emt 0:03:11]} fxe4 {[%emt 0:00:10]} 24. Nxe4 {[%emt 0:19:41]} Ba4 {[%emt 0:00:41]} 25. b3 {[%emt 0:04:49]} Bxb3 {[%emt 0:00:24]} 26. Qd2 {[%emt 0:00:24]} Nxe4 {[%emt 0:01:36]} 27. fxe4 {[%emt 0:00:45]} Bxc4 {[%emt 0:04:34]} 28. Re1 {[%emt 0:05:12]} b5 {[%emt 0:01:06]} 29. Bg5 {[%emt 0:00:28]} Qxh3 {[%emt 0:00:16]} 30. Qb2 {[%emt 0:00:17]} Rf8 {[%emt 0:01:28]} 31. Rh2 {[%emt 0:02:58]} Qxg4 {[%emt 0:00:14]} 32. Bh6 {[%emt 0:02:11]} Rf7 {[%emt 0:00:23]} 33. Rf2 {[%emt 0:02:13]} Qh4 {[%emt 0:01:00]} 34. Be3 {[%emt 0:04:54]} Raf8 0-1

[Event "Karpov Trophy XVI 2018"]
[Site "Cap d/^Agde"]
[Date "2018.11.02"]
[Round "8"]
[White "Gozzoli, Yannick"]
[Black "Onischuk, Vladimir"]
[Result "1-0"]
[WhiteElo "2612"]
[BlackElo "2623"]
[Annotator "TA"]
[PlyCount "67"]
[EventDate "2018.10.27"]
[EventCountry "FRA"]
[SourceTitle "playchess.com"]
[Source "ChessBase"]
[SourceQuality "1"]

{[%evp 17,67,91,98,84,87,85,112,93,108,94,96,89,94,86,96,89,100,94,121,116,116,111,126,95,118,89,82,71,74,77,72,82,98,89,131,116,106,101,161,134,284,286,303,219,441,441,437,437,440,432,416,410]} 1. d4 d6 2. Nf3 g6 3. c4 Bg7 4. Nc3 Nf6 5. e4 O-O 6. Be2 c6 7. O-O e5 8. d5 c5 9. Bg5 h6 {LiveBook: 7 Partien. E94: Königsindisch (Klassisches System)} (9... Kh8 10. Ne1 Nbd7 11. Nd3 Rg8 12. Qd2 Qf8 13. Rab1 Ne8 14. Be3 Qe7 15. b4 b6 16. a4 f5 17. g3 {0-1 (38) Horvath,J (2533)-Pancevski,F (2497) Spoleto 2016}) 10. Bd2 Na6 11. a3 Nd7 $146 {Weiß steht besser.} ({Vorgänger:} 11... Bd7 12. Rb1 Qe7 13. b4 {1-0 (33) Fedorov,E (2209)-Gromov,S (2191) RCCA email 2001}) 12. g3 Nb6 13. Qc2 Bh3 14. Rfe1 Kh7 15. Nh4 Qe7 16. Bd3 Rae8 17. f3 {[%cal Bf2f3,Bf3f4,Bf4f5,Bf5f6][%mdl 32]} Nc7 18. Nd1 Bd7 19. Nf2 Rb8 20. Rab1 Rfc8 21. b3 Nba8 22. f4 b5 23. Nf3 bxc4 24. bxc4 Nb6 25. f5 Ba4 26. Qc3 Ne8 27. Qa5 Qd7 (27... Bd7 $16) 28. g4 $18 {[%cal Bg3g4,Bg4g5][%mdl 32]} Na8 (28... Kg8 $16 {war nötig.}) 29. g5 h5 30. f6 Bf8 $2 {[#]} (30... Nxf6 31. gxf6 Bxf6) 31. Bf1 $1 Bc2 32. Bh3 Qc7 33. Qxc7 Nexc7 34. Rbc1 {Precision: Weiß = 69%, Schwarz = 35%.} 1-0

[Event "Karpov Trophy XVI 2018"]
[Site "Cap d/^Agde"]
[Date "2018.11.02"]
[Round "8"]
[White "Gozzoli, Yannick"]
[Black "Onischuk, Alexander"]
[Result "1-0"]
[WhiteElo "2612"]
[BlackElo "2647"]
[Annotator "TA"]
[PlyCount "67"]
[EventDate "2018.10.27"]
[EventCountry "FRA"]
[SourceTitle "playchess.com"]
[Source "ChessBase"]
[SourceQuality "1"]

{[%evp 17,67,94,102,87,94,88,106,91,96,89,95,92,98,75,97,90,105,101,115,109,122,93,119,96,108,87,81,79,75,82,79,73,109,106,160,102,97,89,149,122,256,289,291,209,441,435,439,434,420,427,415,415]} 1. d4 d6 2. Nf3 g6 3. c4 Bg7 4. Nc3 Nf6 5. e4 O-O 6. Be2 c6 7. O-O e5 8. d5 c5 9. Bg5 h6 {LiveBook: 7 Games. E94: King's Indian: Classical: 6 Be2 e5 7 0-0: Various Black 7th moves} (9... Kh8 10. Ne1 Nbd7 11. Nd3 Rg8 12. Qd2 Qf8 13. Rab1 Ne8 14. Be3 Qe7 15. b4 b6 16. a4 f5 17. g3 {0-1 (38) Horvath,J (2533)-Pancevski,F (2497) Spoleto 2016}) 10. Bd2 Na6 11. a3 Nd7 $146 {White is better.} ({Predecessor:} 11... Bd7 12. Rb1 Qe7 13. b4 {1-0 (33) Fedorov,E (2209)-Gromov,S (2191) RCCA email 2001}) 12. g3 Nb6 13. Qc2 Bh3 14. Rfe1 Kh7 15. Nh4 Qe7 16. Bd3 Rae8 17. f3 {[%cal Bf2f3,Bf3f4,Bf4f5,Bf5f6][%mdl 32]} Nc7 18. Nd1 Bd7 19. Nf2 Rb8 20. Rab1 Rfc8 21. b3 Nba8 22. f4 b5 23. Nf3 bxc4 24. bxc4 Nb6 25. f5 Ba4 {[#]} ({Better is} 25... Ne8) 26. Qc3 (26. Qc1 $142 $1) 26... Ne8 $16 27. Qa5 $36 {[%mdl 2048] Black is under strong pressure.} Qd7 (27... Bd7 $142) 28. g4 {[%cal Bg3g4,Bg4g5][%mdl 32]} Na8 (28... Kg8 $16) 29. g5 $18 h5 30. f6 Bf8 $2 {[#]} (30... Nxf6 31. gxf6 Bxf6) 31. Bf1 $1 Bc2 32. Bh3 Qc7 33. Qxc7 Nexc7 34. Rbc1 {Precision: White = 63%, Black = 29%.} 1-0

[Event "Karpov Trophy XVI 2018"]
[Site "Cap d/^Agde"]
[Date "2018.11.02"]
[Round "8"]
[White "Moussard, Jules"]
[Black "Fedorchuk, Sergey A."]
[Result "1/2-1/2"]
[WhiteElo "2579"]
[BlackElo "2607"]
[Annotator "TA"]
[PlyCount "64"]
[EventDate "2018.10.27"]
[EventCountry "FRA"]
[SourceTitle "playchess.com"]
[Source "ChessBase"]
[SourceQuality "1"]

{[%evp 14,64,66,39,66,60,62,61,50,45,42,49,48,22,47,34,54,44,45,41,52,48,47,24,30,9,19,8,15,-4,14,20,16,17,17,-57,-48,-42,0,0,0,0,0,0,0,0,0,0,12,0,0,0,0]} 1. e4 c5 2. Nf3 e6 3. d4 cxd4 4. Nxd4 Nc6 5. Nc3 Qc7 6. g3 a6 7. Bg2 Nge7 8. Be3 {LiveBook: 7 Games. B47: Sicilian: Taimanov: 5 Nc3 Qc7 6 f4, 6 g3 and 6 Be2} (8. Nb3 Ne5 9. f4 Nc4 10. Qd3 b5 11. Nd4 Bb7 12. b3 Nd6 13. a3 Nc6 14. Bb2 Nxd4 15. Qxd4 Rc8 {½-½ (39) Kryvoruchko,Y (2693)-Adhiban,B (2671) Monzon 2016}) 8... d6 9. a4 $146 ({Predecessor:} 9. O-O Nxd4 10. Qxd4 Nc6 11. Qd2 b5 12. Ne2 Bd7 13. h3 Be7 14. Rfd1 h6 15. Rac1 O-O {½-½ (37) Landenbergue,C (2440)-Pelletier,Y (2583) Lenzerheide 2006}) 9... Nxd4 10. Qxd4 {White is slightly better.} Nc6 {[%cal Be7c6,Bc6b8,Bb8d7][%mdl 32]} 11. Qb6 Qxb6 12. Bxb6 Bd7 13. f4 Rc8 14. O-O-O Be7 15. Rd2 Nb8 16. Rhd1 h6 17. Kb1 O-O 18. Rd3 Bc6 19. Bf2 Rfd8 20. b3 Nd7 21. b4 {[#] Hoping for b5.} b5 22. axb5 axb5 23. Kb2 Ra8 24. Rxd6 (24. Bf3 $11) 24... Bxd6 $15 25. Rxd6 Rac8 (25... Nf6 $5 {[%cal Rd8d6]} 26. Rd3 (26. Rxc6 Rd2 $15) 26... Ng4 $11) 26. Bf1 {The position is equal.} Nf6 27. e5 {[#] And now Rxd8+ would win.} Rxd6 28. exd6 Rb8 29. Ba7 Rb7 $1 {[%cal Rb7a7]} 30. Bc5 Rb8 31. Ba7 Rb7 $1 {[%cal Rb7a7]} 32. Bc5 Rb8 {Precision: White = 43%, Black = 60%.} 1/2-1/2

[Event "Karpov Trophy XVI 2018"]
[Site "Cap d/^Agde"]
[Date "2018.11.02"]
[Round "8"]
[White "Kollars, Dmitrij"]
[Black "Shchekachev, Andrei"]
[Result "1-0"]
[WhiteElo "2542"]
[BlackElo "2517"]
[Annotator "TA"]
[PlyCount "119"]
[EventDate "2018.10.27"]
[EventCountry "FRA"]
[SourceTitle "playchess.com"]
[Source "ChessBase"]
[SourceQuality "1"]

{[%evp 18,119,43,30,25,27,29,27,38,10,20,0,0,0,55,47,47,51,66,-38,-56,-147,-165,-160,-150,-143,-142,-129,-127,-283,-277,-291,-283,-266,0,0,96,95,67,58,75,46,66,68,64,54,44,39,48,29,78,69,86,84,122,118,122,114,117,96,106,89,97,76,113,112,112,112,112,112,112,112,112,115,143,158,145,154,138,110,195,195,304,260,232,229,371,300,592,800,1026,1026,1069,1078,1688,1653,5114,4631,2414,2456,1813,1541,5114,5114]} 1. e4 c5 2. Nf3 e6 3. d4 cxd4 4. Nxd4 Nc6 5. Nc3 Qc7 6. Be3 a6 7. Qf3 {B48: Sicilian: Taimanov: 5 Nc3 Qc7 6 Be3 a6 without Be2} Nf6 {[%cal Bg8f6,Bf6d7,Bd7e5][%mdl 32]} 8. O-O-O Be7 (8... Ne5 9. Qg3 b5 10. a3 Bb7 11. Bxb5 Rc8 12. Ba4 Nxe4 13. Nxe4 Bxe4 14. Bf4 Qc4 15. Bxe5 Qxa4 {1-0 (38) Vachier Lagrave,M (2789)-Anand,V (2776) Karlsruhe/Baden-Baden 2018}) 9. Be2 d6 10. g4 {[%cal Bg2g4,Bg4g5][%mdl 32] LiveBook: 3 Games} Nxd4 11. Rxd4 b5 12. g5 Nd7 13. h4 $146 {[%cal Bh2h4,Bh4h5,Bh5h6][%mdl 32]} ({Predecessor:} 13. Rhd1 Bb7 14. Qh3 e5 {½-½ (59) Gonzalez Vidal,Y (2550)-Macieja,B (2574) Greensboro 2015}) 13... Bb7 14. h5 Ne5 15. Qg3 Rc8 (15... Nc6 $11 16. Rd2 Rc8) 16. Kb1 $14 Qa5 $1 17. h6 g6 {next ...Nc6 is good for Black.} 18. Bf4 ({White should try} 18. f4 $14 Nd7 19. Bf3) 18... b4 $15 19. Nb5 ({White should play} 19. Nd1 $15) 19... axb5 $17 20. Bxe5 dxe5 21. Qxe5 Rg8 {aiming for ...Bc6.} 22. Bxb5+ Kf8 {And now ...Ba6 would win.} 23. Rd7 $2 {[#]} (23. f4 $17 {was the only chance.}) 23... Bxe4 $1 $19 {[%mdl 512]} 24. Qxe4 Qxb5 25. Rhd1 Qf5 $2 {[#]} (25... Qxg5 26. Rc7 $3 $17 {[%mdl 512]}) (25... Bxg5 26. Rb7 $17) (25... Ke8 $19 26. Rc7 Rd8) 26. Rc7 $3 $40 {[%cal Rc7c8][%mdl 640] White has some attack.} Re8 {[#]} ({Not} 26... Qxe4 27. Rxc8+ Bd8 28. Rcxd8+ Ke7 29. R1d7#) (26... Rd8 $1 $11 {remains equal.} 27. Rxd8+ Bxd8 28. Qxb4+ Ke8 29. Qa4+ Kf8 30. Qa3+ Ke8 31. Qa4+ Kf8 32. Qa3+ Ke8 33. Qa4+) (26... Rxc7 27. Qa8+) 27. Qc6 $1 $16 {[%cal Rc6e8]} Qxg5 ({Stronger than} 27... Bxg5 28. Qd6+ Be7 {[#]} 29. Rxe7 $1 {[%mdl 512]} Qxc2+ 30. Kxc2 b3+ 31. axb3 Rxe7 32. Qb8+ Re8 33. Qb4+ Re7 34. Rd8#) 28. Rc8 {[%csl Gc6][%cal Rc8e8]} Bd8 29. Qd6+ Qe7 {Hoping for ...Qxd6.} 30. Qxd8 Qxd8 31. Rcxd8 $14 {[%mdl 4096] Endgame KRR-KRR} Ke7 32. R8d7+ Kf6 33. R1d4 Rb8 34. Rf4+ Kg5 35. Rfxf7 Kxh6 36. Rxh7+ Kg5 37. b3 Rgf8 38. Rh2 Rf4 39. Rg2+ Kf6 40. Kb2 Rc8 41. Rd3 g5 42. c3 bxc3+ 43. Rxc3 Rb8 44. f3 Rb5 45. a3 Kf5 46. b4 e5 47. Kb3 Rb8 48. Re2 Rb7 (48... Rd4 $16 49. Ree3 Kf4) 49. Ree3 $18 g4 (49... Rd4 $142 50. Rc8 Kf4) 50. fxg4+ Rxg4 51. Rc4 {Rxg4 is the strong threat.} Rxc4 (51... e4 $142 52. a4 Re7) 52. Kxc4 {KR-KR} Kf4 $2 (52... Rc7+ 53. Kd5 Rd7+ 54. Kc6 Rd1) 53. Re1 {White is clearly winning.} Ra7 54. Kd5 Rd7+ 55. Kc6 Ra7 56. Ra1 e4 57. b5 {[%cal Bb4b5,Bb5b6][%mdl 32]} Rh7 58. b6 Rh6+ 59. Kb5 Rh5+ 60. Ka6 {Precision: White = 60%, Black = 50%.} 1-0

[Event "Karpov Trophy XVI 2018"]
[Site "Cap d/^Agde"]
[Date "2018.11.02"]
[Round "8"]
[White "San Segundo Carrillo, Pablo"]
[Black "Jehan, Julien"]
[Result "0-1"]
[WhiteElo "2491"]
[BlackElo "1991"]
[Annotator "TA"]
[PlyCount "72"]
[EventDate "2018.10.27"]
[EventCountry "FRA"]
[SourceTitle "playchess.com"]
[Source "ChessBase"]
[SourceQuality "1"]

{[%evp 13,72,16,26,1,12,0,0,0,0,-11,-11,-16,-11,-26,-3,-17,-28,-16,-9,-5,0,-33,0,0,0,0,0,-33,-33,-52,-39,-244,-229,-249,-209,-255,-190,-297,-290,-297,-285,-298,-286,-329,-204,-367,-321,-316,-246,-271,-281,-541,-525,-447,-218,-219,-223,-198,-213,-1520,-1497]} 1. e4 c6 2. d4 d5 3. exd5 cxd5 4. Bd3 Nc6 5. c3 Qc7 6. h3 e5 {B13: Caro-Kann: Exchange Variation and Panov-Botvinnik Attack} 7. dxe5 Nxe5 {LiveBook: 4 Games} 8. Qe2 (8. Nf3 Bd6 9. Nxe5 Bxe5 10. O-O Nf6 11. Nd2 O-O 12. Nf3 Bd6 13. Re1 h6 14. Nd4 {0-1 (82) Malakhov,V (2686)-Howell,D (2676) Riadh 2017}) 8... Be7 {The position is equal.} 9. Bb5+ Nc6 10. Nf3 Nf6 11. Bg5 O-O 12. O-O h6 $146 13. Bh4 Bf5 14. Nbd2 Rfe8 {Hoping for ...Ba3!} 15. Qd1 a6 16. Ba4 Rad8 $36 {[%cal Ba8d8,Bd8d6,Bd6f6][%mdl 2080] Black fights for an advantage.} 17. Nd4 Bg6 18. N2f3 Ne4 19. Bxe7 Rxe7 20. Bxc6 bxc6 21. Qa4 Rd6 22. Nc2 $2 (22. Nh4 $15) 22... Nc5 $19 23. Qa3 Nd3 ({Less strong is} 23... Bxc2 24. Qxc5 Rg6 25. Nh4 $15) 24. Ne3 Rf6 {[#] White must now prevent ...Rxf3!} 25. Nh4 (25. Nd4 {was necessary.}) 25... Be4 26. Ng4 Rfe6 27. Ne3 Qe5 28. g3 Qh5 {[#] Strongly threatening ...g5.} 29. Neg2 $2 (29. Qxa6 Nf4 30. Kh2) 29... Qe2 30. Qxa6 g5 ({But not} 30... Qxb2 31. Rab1 $19) 31. Rae1 Qxb2 ({Worse is} 31... Nxe1 32. Qxe2 Bxg2 33. Qg4 $14) 32. Rb1 $2 (32. Rxe4 {was forced.} dxe4 33. Nf5) 32... Qxc3 33. Rb3 Qd2 (33... Qc4 $142 34. Qa8+ Re8) 34. Nf3 Bxf3 35. Rxd3 Qe2 36. Re3 $2 (36. Qa3 Be4 37. Re3) 36... Qxa6 {Precision: White = 36%, Black = 72%.} 0-1